000 00711nam a22002657a 4500
001 BR0202943
003 BR-BrBNA
005 20230928101107.0
007 ta
008 230509b bl.||||| |||| 00| 0 por d
040 _aBR-BrBNA
_bpor
_cBiblioteca Nacional de Agricultura
041 _a(Por)
072 _aP01
090 _ P01 BR0202943
110 1 _aInstituto Souza Cruz, Rio de Janeiro, RJ (Brasil)
_96584
245 1 _aSemeando valores
260 3 _aRio de Janeiro, RJ (Brasil):
_c[nd].
300 _a207 p.
500 _a238 illus.
650 _aMEIO AMBIENTE
650 _aEDUCAÇÃO AMBIENTAL
650 _aPRESERVAÇÃO DA NATUREZA
909 _a202309
_bLucia
_c55
_dLucia Elande
942 _cBK
999 _c64224
_d64224